ESSENTIALS ENT (Record no. 15435)

MARC details
000 -LEADER
fixed length control field 00322nam a22001577a 4500
003 - CONTROL NUMBER IDENTIFIER
control field SGT
020 ## - INTERNATIONAL STANDARD BOOK NUMBER
International Standard Book Number 978-1-444-11795-0
082 ## - DEWEY DECIMAL CLASSIFICATION NUMBER
Classification number 617.51
Item number E11C
100 ## - MAIN ENTRY--PERSONAL NAME
Personal name CORBRIDGE, ROGAN
245 ## - TITLE STATEMENT
Title ESSENTIALS ENT
250 ## - EDITION STATEMENT
Edition statement 2ND
260 ## - PUBLICATION, DISTRIBUTION, ETC. (IMPRINT)
Place of publication, distribution, etc LONDON
Name of publisher, distributor, etc CRC
Year of Publication 2011
300 ## - PAGE DESCRIPTION
No. of Pages 194
650 ## - SUBJECT ADDED ENTRY--TOPICAL TERM
Topical term or geographic name as entry element ENT
942 ## - ADDED ENTRY ELEMENTS (KOHA)
Source of classification or shelving scheme Dewey Decimal Classification
Koha item type Books
Holdings
Withdrawn status Lost status Source of classification or shelving scheme Damaged status Not for loan Collection code Home library Current library Shelving location Date acquired Vendor Name SGTU Bill Number Total Checkouts Full call number Accession No. (Barcode) Date last seen Bill Date Koha item type
    Dewey Decimal Classification   Not For Loan MEDICAL SGT Medical Library SGT Medical Library Reference Book 09/04/2018 ABC SGTU 9529   617.51 E11C FM10567 09/04/2018 26/03/2018 Books